000 00465 a2200169 4500
020 _a0195473647
022 _a9780195473643
082 _a422.64
090 _c6258
_d6258
100 _aTalbot,Ian
245 _aThe Deadly Embrace: Religion, Politics, and Violence in the Indian Subcontinent, 1947-2002
_cIan Talbot
250 _aNew edition.
260 _aNew York
_bOxford.
_c2007.
300 _a191p.
500 _aHard cover
942 _aNBS
_cBK
_k422.64 TAL
999 _c348628
_d348628